00694nam a2200193 a 450000100060000000300090000600800410001504000280005608200140008410000270009824500150012526000380014030000110017850502280018965000260041765000120044365000220045565000230047715438CO-ViMGA141112s2004 ck r 000 u spa d aCO-ViMGAbspacCO-ViMGA04a630 U517m1 aUmata, Villavicencio, 10aMi parcela aVillavicencio, cAlcaldia, c2002 a108.p. aAgricultura ecológica Laboreo en el suelo Control de plagas y enfermedades Manejo animal : Enfermedades y prevención Cultivo de cachama Cría de cerdos El ordeño e higiene de la leche - Lacteos Biodigestores y biogas14aAGRICULTURA ECOLOGICA14aGRANJAS14aGRANJAS AGRICOLAS14aPARCELAS AGRICOLAS